Allgemeine Regeln zur industriellen Kostenrechnung

Enregistré dans:
Détails bibliographiques
Format: Livre
Langue:allemand
Publié: Stuttgart Forkel [s.a.]
Tags: Ajouter un tag
Pas de tags, Soyez le premier à ajouter un tag!

MARC

LEADER 00000nam a2200000 4500
001 0307450
005 20250304100048.4
041 0 |a ger 
044 |a DE 
245 1 0 |a Allgemeine Regeln zur industriellen Kostenrechnung  |c Müller 
264 1 |a Stuttgart  |b Forkel  |c [s.a.]